The Hobbit Chapters Quiz Stats

 Plays Quiz Updated Aug 7, 2017

Score 0/19 Timer 05:00
1 Play Today
% Correct
An Unexpected Party
82.4%
Riddles In The Dark
71.3%
Out Of The Frying-Pan Into The Fire
62.1%
Roast Mutton
50.1%
Barrels Out Of Bond
48%
Flies And Spiders
47.8%
The Clouds Burst
39.8%
Over Hill And Under Hill
39.5%
A Short Rest
39.1%
Queer Lodgings
38%
% Correct
On The Doorstep
37.5%
The Gathering Of The Clouds
33.9%
Fire And Water
32.9%
A Thief In The Night
32.4%
A Warm Welcome
32.2%
The Return Journey
32.1%
Inside Information
30.6%
Not At Home
29.4%
The Last Stage
26.9%

You're not logged in!

Compare scores with friends on all Sporcle quizzes.
OR
Log In

Show Comments

Extras

Top Quizzes Today


Score Distribution

Your Account Isn't Verified!

In order to create a playlist on Sporcle, you need to verify the email address you used during registration. Go to your Sporcle Settings to finish the process.

Report this User

Report this user for behavior that violates our Community Guidelines.

Details: